Movies Quiz

Random Movies or Director Quiz

Penny Marshall Movies Quiz Stats

 Plays Quiz Updated Dec 18, 2018

Support Sporcle.
Go Orange.
Score 0/7 Timer 03:00
0 Plays Today
Year Movie % Correct
1992A League of Their Own
84.3%
1988Big
73.9%
1990Awakenings
26.2%
2001Riding in Cars with Boys
18.6%
1986Jumpin' Jack Flash
18.4%
1994Renaissance Man
13.7%
1996The Preacher's Wife
13.5%

From the Vault

Drop a C

by mrsmith

These 'C' letters can just get right out of town!
Remove Ads.
Support Sporcle.
Get the best of Sporcle when you Go Orange. This ad-free experience offers more features, more stats, and more fun while also helping to support Sporcle. Thank you for becoming a member.

Show Comments

Extras

Top Quizzes Today


Score Distribution

Your Account Isn't Verified!

In order to create a playlist on Sporcle, you need to verify the email address you used during registration. Go to your Sporcle Settings to finish the process.

Report this User

Report this user for behavior that violates our Community Guidelines.

Details: